000 01923namaa22003857i 4500
001 768714001
003 CO-MdFUSB
005 20260225160954.0
007 cr aa aaaaa
008 180403s2024 ck ||||| |||| 00| 0 spa dd
040 _aCO-MdFUSB
_bEspañol
_cCO-MdFUSB
_dCO-MdFUSB
041 _aspa
043 _ack
100 _aCataño Morales, Roy Roger,
_eautor
245 _a¿El sometimiento del cristiano a las autoridades de gobierno? una lectura a partir de 1 Pedro 2:13-17
_b/ Roy Roger Cataño Morales ; asesorado por Sandro Gutiérrez
264 1 _aMedellín, Colombia :
_bFUSBC,
_c2024
300 _aRecurso electrónico
336 _2rdacontent
_atexto
_btxt
337 _2rdamedia
_ainformático
_bc
338 _2rdacarrier
_aremoto
_bcr
502 _aTrabajo de grado
_b(Teología) --
_cFundación Universitaria Seminario Bíblico de Colombia,
_d2024
504 _aBibliografía (página 20)
506 _aAcceso en línea
520 _aEsta investigación hace un análisis hermenéutico a 1 Pedro 2:13-17, con el propósito de dar una respuesta sobre cuál debe ser el sometimiento del cristiano en Colombia a las autoridades del gobierno, frente a la exhortación que en 1 Pedro se hace a sus destinatarios de someterse a las autoridades del imperio romano. Se invita a que el cristiano tenga una actitud de sometimiento por el ejemplo de Cristo y en atención a la voluntad de Dios. Además, a ser un ciudadano ejemplar que se aleja de la corrupción y que acata las leyes constitucionales.
630 0 7 _aBiblia.
_pPedro, 1ª
_xCrítica, interpretación, etc.
650 0 _aConducta de vida
_920
653 _aSometimiento
653 _aHonra
653 _aAutoridades del gobierno
653 _aCorrupción
700 _aGutiérrez, Sandro
_easesor
_91181
856 _aREPCI
_uhttps://repositorio.repci.co/handle/123456789/775
942 _cTG
999 _c71268
_d71268